000 00927nam a22002417a 4500
008 240619b mp ||||| |||| 00| 0 mon d
020 _a978-99973-1-794-0
035 _a24270
040 _aUV1862160
_bmon
_cMN-UlNLM
_dMN-UlNLM
_erda
041 _amon
042 _a54239
082 _210-t
_a891.7
_bК.986
100 _aКэстнер Э.
245 0 _aЛотте Луйзе хоёр
264 _aУБ
_bМон судар ХГ
_c2019
300 _a208х.
336 _2rdacontent
_atext
_btxt
337 _2rdamedia
_aunmediated
_bn
338 _2rdacarrier
_avolume
_bnc
650 _aНэрт зохиолч, яруу найрагч Эрих Кестнер нь 1960 онд бага нас ныхаа намтар зохиолоор Ханс Кристиан Андерсений шагналыг хүртсэн бе...
942 _210-t
_cBK
999 _c925300
_d925357